|
|
|
|
| LEADER |
00000cab a2200000 a 4500 |
| 001 |
vtls010322374 |
| 003 |
SK-MaSNL |
| 005 |
20260304155352.0 |
| 008 |
250507c1985 xo |||| 000 ||slo |
| 015 |
|
|
|a SNBRA1985
|
| 035 |
|
|
|a (uuid)4162c4ad-425f-4962-aac0-4c906854752e
|
| 035 |
|
|
|a urn:nbn:sk:snk-ababqk
|
| 035 |
|
|
|a (urnnbn)urn:nbn:sk:snk:ar-008kxf
|
| 038 |
|
|
|a LMSMOPAJ
|
| 040 |
|
|
|a SNKBUCL
|b slo
|c SNKBUCL
|e AACR2
|
| 041 |
0 |
|
|a slo
|
| 044 |
|
|
|a xo
|c SK
|
| 080 |
|
|
|a 551.44(082)
|2 2001
|
| 100 |
1 |
|
|a Mitter, Pavol,
|d 1941-1992
|4 aut
|9 159535
|
| 245 |
1 |
0 |
|a Podzemnyje landšafty
|c Pavol Mitter
|
| 650 |
0 |
7 |
|a speleológia
|2 snkbucl
|9 17878
|
| 773 |
0 |
|
|t Slovenský kras 23
|d Martin : Osveta, 1985
|g S. 377-378
|
| 787 |
0 |
8 |
|i Rec.:
|a Gergedava, B. A.
|t Podzemnyje landšafty
|d Mecnierba : Tbilisi, 1983
|
| 850 |
|
|
|a Slovenská národná knižnica
|
| 852 |
|
|
|a Slovenská národná knižnica
|
| 954 |
|
|
|a odborná, vedecká literatúra pôvodná (slovenská)
|2 lita
|
| 958 |
|
|
|a article14
|
| 958 |
|
|
|a OND
|
| 958 |
|
|
|a EUIPO
|
| 999 |
|
|
|c 2961908
|d 2963838
|